000 00846cam a22002414a 4500
001 12465012
005 20180201100013.0
008 010710s2002 nyua b 001 0 eng
010 _a 2001045449
020 _a0471395528 (cloth : alk. paper)
040 _aDLC
_cDLC
_dDLC
041 _aeng
042 _apcc
080 _a616.8527 Ray
082 0 0 _a616.8527 Ray
_221
100 1 _a10
101 _amje
245 1 0 _aUnderstanding depression :
_cJ. Raymond DePaulo, Jr., Leslie Alan Horvitz.
504 _aIncludes bibliographical references (p. 284-288) and index.
906 _a7
_bcbc
_corignew
_d1
_eocip
_f20
_gy-gencatlg
942 _2ddc
_cBK
999 _c41573
_d41573